Loading...
Literature - American Literature | 0 | 5 | 0 | 1 | 50 | 95 | 123.60 | 0 | 5 |
History - American History | 0 | 4 | 2 | 0 | 30 | 97 | 116.50 | 0 | 4 |
Fine Arts - Auditory Fine Arts | 0 | 3 | 0 | 0 | 30 | 79 | 91.67 | 1 | 3 |
History - World History | 1 | 2 | 1 | 2 | 30 | 55 | 111.67 | 0 | 3 |
Science - Other Science | 1 | 1 | 0 | 1 | 25 | 65 | 101.00 | 0 | 2 |
Religion | 0 | 2 | 0 | 0 | 20 | 99 | 104.50 | 1 | 2 |
Fine Arts - Visual Fine Arts | 0 | 2 | 1 | 0 | 15 | 91 | 103.50 | 1 | 2 |
History - European History | 1 | 0 | 0 | 0 | 15 | 77 | 77.00 | 0 | 1 |
Literature - British Literature | 0 | 1 | 0 | 1 | 10 | 152 | 152.00 | 0 | 1 |
Philosophy | 0 | 1 | 0 | 0 | 10 | 90 | 90.00 | 0 | 1 |